| 000 | 00577nam a2200193 i 4500 | ||
|---|---|---|---|
| 001 | 129176 | ||
| 003 | ES-MaACL | ||
| 005 | 20230906193443.0 | ||
| 007 | t| | ||
| 008 | 070607s1981 sp ||||1| spa d | ||
| 080 | _a159.981.5 | ||
| 245 | 0 | 0 |
_aTerapia de familia _b: la primera entrevista / _cpor Helm Stierlin... [et al.], [Traducción: Roberto Bein]. |
| 250 | _a[1ª ed.]. | ||
| 260 |
_a[Barcelona] : _bGedisa, _c[1981] |
||
| 300 |
_a316 p. ; _c19 cm. |
||
| 700 | 1 |
_aStierlin, Helm. _9108214 |
|
| 700 | 1 |
_aBein, Roberto. _927071 |
|
| 852 |
_aES-MaACL _jL-1443 _bR.102039 |
||
| 999 |
_c129176 _d129176 |
||